00379nam a2200145Ia 4500008004100000020001500041082001500056100003200071245004300103250000800146260002900154300001300183500002500196650001200221230524s9999 xx 000 0 und d a817758118X a5.133bITL aITL Education Solution Ltd. 0aIntroduction to Information Technology aIST aNEW DELHIbPearsonc2008 aXVII;585 aQuantity Number: 10 aComp-Sc